Statystyki dla CO MOŻEMY ZOBACZYĆ NA NIEBIE?

Kliknij tutaj aby rozwiązać quiz!

Ogólne statystyki

  • Ten quiz został rozwiązany 164 razy
    (117 od ostatniego zresetowania)
  • Średni wynik to 5 z 7

Statystyki odpowiedzi

Odpowiedź% Poprawnych
CHMURY
98%
SŁOŃCE
97%
GWIAZDY
90%
KSIĘŻYC
85%
SAMOLOT
85%
PTAKI
60%
BUZIE W TYM TĘCZU
11%

Rozkład punktacji

Percentyl według liczby udzielonych odpowiedzi

Procent ludzi z każdym wynikiem

Twoja historia wyników

Nie rozwiązałeś tego quizu od ostatniego zresetowania